El pequeño Larousse ilustrado (Registro nro. 7930)
[ vista simple ]
| 000 -Cabecera | |
|---|---|
| Campo de control de longitud fija | 00426nam a22001697a 4500 |
| 005 - Fecha y hora de la última transacción | |
| Campo de control | 20250219131341.0 |
| 008 - Elementos de longitud fija--Información general | |
| Campo de control de longitud fija | 160412b2015 xxu||||| |||| 00| 0 spa d |
| 020 ## - International Standard Book Number | |
| Número Internacional Estándar del Libro (ISBN) | .9788416368426 |
| 041 ## - Idioma | |
| Código de idioma | Español |
| 082 ## - Clasificación Decimal Dewey | |
| Número de clasificación | R 463 P425p |
| 245 ## - Título propiamente dicho | |
| Título | El pequeño Larousse ilustrado |
| 260 ## - Pie de imprenta | |
| Lugar de publicación, distribución, etc. | España |
| Nombre del editor, distribuidor, etc. | Larousse |
| Fecha de publicación, distribución, etc. | 2015 |
| 300 ## - Descripción física | |
| Extensión | 1823 páginas |
| 650 ## - Materia general | |
| Temática (materia general) | ENCICLOPEDIAS Y DICCIONARIOS |
| 650 ## - Materia general | |
| Temática (materia general) | ESPAÑOL |
| 942 ## - Punto de acceso adicional KOHA | |
| Tipo de ítem KOHA | Referencia |
| Fuente del sistema de clasificación o colocación | Dewey Decimal Classification |
| Signatura completa | Código de barras | Tipo de ítem |
|---|---|---|
| R 463 P425p | 20812 | Referencia |